| 000 | 00894nam a22002297a 4500 | ||
|---|---|---|---|
| 005 | 20140801152054.0 | ||
| 008 | 140714b xxu||||| |||| 00| 0 Urdu d | ||
| 010 | _aUR-165 | ||
| 020 | _c600.00 | ||
| 035 | _aU-165 | ||
| 037 | _bBPPD/Publishers/Venders | ||
| 040 |
_aDPL _bUrdu |
||
| 082 | _a615.480 | ||
| 100 | _aہا شمی محمد صد يق علی حسنی | ||
| 245 |
_aميڈ يکل ڈ کشنر ی _cہا شمی محمد صد يق علی حسنی |
||
| 246 |
_aMedical Dictionary (English Urdu) _bBy Mohd Sadeeq Ali Hashmi Hasni |
||
| 260 |
_bIdara Kitab-us- Shifa(Pub.) _bK.K.P.( Vender) |
||
| 260 | _a4806/24,Bharat Ram Road,Dariya Gunj,New Delhi-2 | ||
| 270 |
_a2075-مسجد مز ا ر و ا لی،کو چہ چيلا ن ،د ر يا گنج، _bنئ د ھلی _e110002 _k9312273887 |
||
| 300 |
_a816ص _c22Cm (Hb) |
||
| 942 |
_2ddc _cUR _h615.4438 _mہ ا ش |
||
| 999 |
_c87533 _d87533 |
||